Normal view
MARC view
- Athirarani, M.R.
Entry Personal Name
001 - CONTROL NUMBER
- control field: 204443
003 - CONTROL NUMBER IDENTIFIER
- control field: OSt
005 - DATE AND TIME OF LATEST TRANSACTION
- control field: 20230824153117.0
008 - FIXED-LENGTH DATA ELEMENTS
- fixed length control field: 230824|| aca||aabn | a|a d
040 ## - CATALOGING SOURCE
- Original cataloging agency: OSt
- Transcribing agency: OSt
100 ## - HEADING--PERSONAL NAME
- Personal name: Athirarani, M.R.
- Personal name: Hari, Krishna G.L.
- Personal name: Beena, M.R.
- Personal name: Elavally, Sujitha
670 ## - SOURCE DATA FOUND
- Source citation: Work cat.: (OSt)355908: Athirarani, M.R. Hari, Krishna G.L. Beena, M.R. Elavally, Sujitha, Text Book on Health Nursing Informatics, Professionalism, Bioethics and Forensic Nursing, 2022